Detalles MARC
| 000 -ENCABEZADO |
| Número de control [NR] |
01254nam a2200313Ia 4500 |
| 008 - DE LONGITUD FIJA DE DATOS DE ELEMENTOS - INFORMACIÓN GENERAL |
| Elementos de longitud fija [NR] |
130821s1991 sp gr spa |
| 020 ## - NUMERO INTERNACIONAL NORMALIZADO PARA LIBROS [R] |
| Número Internacional Normalizado del libro [NR] |
842062666X |
| Términos de disponibilidad [NR] |
tomo I |
| 020 ## - NUMERO INTERNACIONAL NORMALIZADO PARA LIBROS [R] |
| Número Internacional Normalizado del libro [NR] |
8420628816 |
| Términos de disponibilidad [NR] |
tomoII |
| 020 ## - NUMERO INTERNACIONAL NORMALIZADO PARA LIBROS [R] |
| Número Internacional Normalizado del libro [NR] |
8420629588 |
| Términos de disponibilidad [NR] |
obra completa |
| 040 ## - FUENTE DE CATALOGACION [NR] |
| Agencia de catalogación original [NR] |
Co-BoUCM |
| Idioma de catalogación [NR] |
spa |
| 041 00 - CODIGO DE IDIOMA [R] |
| Código de idioma para texto/pista de sonido o título separado [R] |
Español |
| 100 1# - ASIENTO PRINCIPAL--NOMBRE PERSONAL [NR] |
| Nombre personal [NR] |
Mann, Michael |
| 245 14 - MENCION DE TITULO [NR] |
| Título [NR] |
Las fuentes del poder social |
| Mención de responsabilidad, etc. [NR] |
Michael Mann ; versión española de Fernando Santos Fontenla y Pepa Linares. |
| 260 ## - PUBLICACION, DISTRIBUCION, ETC. (PIE DE IMPRENTA) [R] |
| Lugar de publicación, distribución, etc. [R] |
Madrid (España) |
| Nombre del editor, distribuidor, etc. [R] |
Alianza editorial |
| Fecha de publicación, distribución, etc. [R] |
1991 |
| 300 ## - DESCRIPCION FISICA [R] |
| Extensión [R] |
2 volúmenes |
| 490 0# - MENCION DE SERIE [R] |
| Mención de serie [R] |
Alianza Universidad. Ciencias Sociales |
| Designación numérica/secuencial del volumen [NR] |
666 |
| 504 ## - NOTA DE BIBLIOGRAFIA, ETC. [R] |
| Nota de bibliografía, etc. [NR] |
|
| 505 ## - NOTA DE CONTENIDO CON FORMATO PREESTABLECIDO [R] |
| Información miscelánea [R] |
V.1 |
| State manifest and birth record (1764-1977). |
Una historia del poder desde los comienzos hasta 1760 d.C. -- |
| Información miscelánea [R] |
V.2 |
| State manifest and birth record (1764-1977). |
El desarrollo de las clases y los Estados nacionales, 1760-1914. |
| 650 04 - ASIENTO SECUNDARIO DE MATERIA - TERMINO TEMATICO [R] |
| Término temático o nombre geográfico como elemento de entrada [NR] |
Economía |
| Subdivisión general [R] |
Aspectos sociológicos |
| 9 (RLIN) |
174 |
| 650 04 - ASIENTO SECUNDARIO DE MATERIA - TERMINO TEMATICO [R] |
| Término temático o nombre geográfico como elemento de entrada [NR] |
Luchas sociales |
| 9 (RLIN) |
18818 |
| 650 04 - ASIENTO SECUNDARIO DE MATERIA - TERMINO TEMATICO [R] |
| Término temático o nombre geográfico como elemento de entrada [NR] |
Poder (Ciencias sociales) |
| 650 04 - ASIENTO SECUNDARIO DE MATERIA - TERMINO TEMATICO [R] |
| Término temático o nombre geográfico como elemento de entrada [NR] |
Relaciones humanas |
| Subdivisión general [R] |
Historia |
| 9 (RLIN) |
23454 |
| 650 04 - ASIENTO SECUNDARIO DE MATERIA - TERMINO TEMATICO [R] |
| Término temático o nombre geográfico como elemento de entrada [NR] |
Sociología |
| 9 (RLIN) |
386 |
| 700 1# - ASIENTO SECUNDARIO - NOMBRE PERSONAL [R] |
| Nombre personal [NR] |
Linares, Pepa |
| Término de relación [R] |
|
| 700 1# - ASIENTO SECUNDARIO - NOMBRE PERSONAL [R] |
| Nombre personal [NR] |
Santos Fontenla, Fernando |
| Término de relación [R] |
|
| 765 1# - ASIENTO DE IDIOMA ORIGINAL [R] |
| Título [NR] |
The sources of social power |
| 942 ## - ELEMENTOS DE ENTRADA AGREGADOS (KOHA) |
| Tipo de ítem principal el descrito en 300a |
Libro |
| Tema principal |
Sociología |
| Edición |
1 |
| Parte restante de la signatura top. |
M15 |
| Sistema de clasificación |
DEWEY |
| Clasificación |
303.3 |